Textbook of bioinformatics : (Record no. 51754)
[ view plain ]
| 000 -LEADER | |
|---|---|
| fixed length control field | 00559nam a2200169Ia 4500 |
| 005 - DATE AND TIME OF LATEST TRANSACTION | |
| control field | 20260429112002.0 |
| 008 - FIXED-LENGTH DATA ELEMENTS--GENERAL INFORMATION | |
| fixed length control field | 260429s9999||||xx |||||||||||||| ||und|| |
| 020 ## - INTERNATIONAL STANDARD BOOK NUMBER | |
| International Standard Book Number | 9780000991751 |
| 041 ## - LANGUAGE CODE | |
| Language | English |
| 082 ## - DEWEY DECIMAL CLASSIFICATION NUMBER | |
| Classification number | 570.285 |
| Item number | NEE |
| 100 ## - MAIN ENTRY--PERSONAL NAME | |
| Personal name | Neelakanta, Perambur S |
| 245 #0 - TITLE STATEMENT | |
| Title | Textbook of bioinformatics : |
| Remainder of title | information-theoretic perspectives of bioengineering and biological complexes / |
| Statement of responsibility, etc | Perambur S Neelakanta |
| 260 ## - PUBLICATION, DISTRIBUTION, ETC. (IMPRINT) | |
| Place of publication, distribution, etc | Singapore : |
| Name of publisher, distributor, etc | World Scientific Publishing, |
| Date of publication, distribution, etc | 2024. |
| 300 ## - PHYSICAL DESCRIPTION | |
| Extent | xii, 671 p.; pbk |
| 650 ## - SUBJECT ADDED ENTRY--TOPICAL TERM | |
| Topical term or geographic name as entry element | Bioinformatics |
| 942 ## - ADDED ENTRY ELEMENTS (KOHA) | |
| Koha item type | Text Books |
| Withdrawn status | Lost status | Damaged status | Not for loan | Collection code | Home library | Location | Shelving location | Date of Cataloging | Source of acquisition | Total Checkouts | Full call number | Barcode | Date last seen | Price effective from | Koha item type |
|---|---|---|---|---|---|---|---|---|---|---|---|---|---|---|---|
| Non-fiction | CUTN Central Library | CUTN Central Library | Sciences | 29/04/2026 | Feel Books, Chennai - Invoice No. BLR/CRB/25-26/549 on 09-02-2026 | 570.285 NEE | 56793 | 29/04/2026 | 29/04/2026 | Text Books |
